Элита (Запись № 12709802)

Подробности
000 -МАРКЕР
контрольное поле 03057nam0a2200349 4500
001 - ИДЕНТИФИКАТОР ЗАПИСИ
контрольное поле RU\NLR\BIBL_A\016211861
005 - ИДЕНТИФИКАТОР ВЕРСИИ
контрольное поле 20230314092616.0
010 ## - МЕЖДУНАРОДНЫЙ СТАНДАРТНЫЙ НОМЕР КНИГИ (ISBN)
Номер (ISBN) 978-5-17-146167-6
Тираж 3000
021 ## - НОМЕР ГОСУДАРСТВЕННОЙ РЕГИСТРАЦИИ
Код страны Российская Федерация
Номер КН-П-22-072394
Номер Листа государственной регистраци КН-П-22-6299
035 ## - ДРУГИЕ СИСТЕМНЫЕ НОМЕРА
Идентификатор записи (NLR Aleph) 016211861
035 ## - ДРУГИЕ СИСТЕМНЫЕ НОМЕРА
Идентификатор записи (RuMoRGB)011294550
100 ## - ДАННЫЕ ОБЩЕЙ ОБРАБОТКИ
Данные общей обработки 20221118d2022 m y0rusy50 ca
101 1# - ЯЗЫК РЕСУРСА
Язык текста, звукозаписи и т.д. русский
Язык оригинала испанский, кастильский испанский
102 ## - СТРАНА ПУБЛИКАЦИИ ИЛИ ПРОИЗВОДСТВА
Страна публикации Российская Федерация
105 ## - ПОЛЕ КОДИРОВАННЫХ ДАННЫХ: ТЕКСТОВЫЕ МАТЕРИАЛЫ, МОНОГРАФИЧЕСКИЕ
Кодированные данные о монографическом текстовом документе y z 000ay
181 #0 - ПОЛЕ КОДИРОВАННЫХ ДАННЫХ: ВИД СОДЕРЖАНИЯ
Код вида содержания (ISBD) i
Код характеристики содержания (ISBD) axxe
182 #0 - ПОЛЕ КОДИРОВАННЫХ ДАННЫХ: ТИП СРЕДСТВА
Код типа средства (ISBD) n - непосредственное
200 1# - ЗАГЛАВИЕ И СВЕДЕНИЯ ОБ ОТВЕТСТВЕННОСТИ
Основное заглавие Элита
Наименование части На дне класса
Сведения, относящиеся к заглавию роман
Первые сведения об ответственности Абриль Замора
Последующие сведения об ответственности пер. с исп. Н. Петровской
203 ## - ВИД СОДЕРЖАНИЯ И ТИП СРЕДСТВА
Вид содержания Текст
Дополнительные сведения об издании визуальный
Тип средства непосредственный
210 ## - ПУБЛИКАЦИЯ, РАСПРОСТРАНЕНИЕ И ДР.
Место издания, распространения и т.д. Москва
Имя издателя, распространителя и т. д. АСТ
Дата издания, распространения и т.д. 2022
215 ## - ФИЗИЧЕСКАЯ ХАРАКТЕРИСТИКА
Специфическое обозначение материала и объем 382, [1] с.
Размеры 21
225 1# - СЕРИЯ
Основное заглавие серии Оригинальный сериал Netflix
330 ## - РЕЗЮМЕ ИЛИ РЕФЕРАТ
Текст примечания Чем заняты ученики элитной школы после учебы? Какие тайны скрываются за закрытыми дверями красивых домов? Убийство школьницы заставит всех раскрыть свои секреты! Марина - она была как солнце, освещавшее всех своей улыбкой. Смелая, красивая, популярная и богатая. Кто и зачем убил ее? Оказалось, это мог сделать почти каждый из ее одноклассников, ведь у каждого был мотив. Четверо подростков, не самых популярных в школе. Паула - красивая, но скучная. У нее хорошая семья, заботливые родители, она беспроблемная дочь. Девушка влюбляется в новенького в классе. Самуэль - официант из бедной семьи. Паула становится им одержима... и начинает следить за ним. Но, к сожалению, Самуэль увлечен Мариной. Горка - единственный парень в компании, только его это совсем не смущает. Мелена - дочь когда-то известной модели и королевы красоты, которая опустилась на дно, продаваясь богатым мужчинам. Мелена не знает, что такое любовь матери. Джанин - смешная девчонка, которую считают толстой и некрасивой и совсем не принимают в обществе элиты
333 ## - ПРИМЕЧАНИЯ ОБ ОСОБЕННОСТЯХ РАСПРОСТРАНЕНИЯ И ИСПОЛЬЗОВАНИЯ
Текст примечания 18+
686 1# - ИНДЕКСЫ ДРУГИХ КЛАССИФИКАЦИЙ
Индекс Ш6(4Ис)67-440.4{Лх1569-50}
700 #1 - ИМЯ ЛИЦА - ПЕРВИЧНАЯ ОТВЕТСТВЕННОСТЬ
Графика поля Кириллица
Материалы, к которым относится поле rus
Начальный элемент ввода Замора
Часть имени, кроме начального элемента ввода А.
Даты 1981-
Расширение инициалов личного имени Абриль
Системный номер авторитетной/нормативной записи 253544
Идентификатор авторитетной/нормативной записи RU\NLR\AUTH\770253600
942 ## - ДОПОЛНИТЕЛЬНЫЕ ЭЛЕМЕНТЫ ЗАПИСИ (АБИС)
Тип экземпляра АБИС Книга
980 ## - КОЛЛЕКЦИЯ
Название коллекции Национальная библиография
Экземпляры
Тип экземпляра Дата поступления Источник поступления Библиотека постоянного хранения Библиотека текущего хранения Место хранения Шифр хранения Штрих-код Статус экземпляра
Книга 18.11.2022 Обязательный экземпляр РНБ (Московский) РНБ (Московский) Русский книжный фонд: издания с 1957 года 2022-3/32078 1-4047213  
Книга 18.11.2022 Обязательный экземпляр РНБ (Московский) РНБ (Московский) Русский книжный фонд: издания с 1957 года 2022-3/32078 1-4047214